000 01267nam2a2200241 4500
001 RU\NLR\BIBL_A\011277845
005 20250626035342.0
035 _a(NLR Aleph) 011277845
090 _a10858240
_c10858240
100 _a20161124j19500411|||y0rusy50 ca
101 0 _aalt
102 _aRU
135 _acrgn 008anaba
200 0 _a1950, № 17 (455) (11 апр.)
210 _d1950
_aБ. м.
325 1 _aКопия доступна в электронной библиотеке РНБ
461 0 _1001RU\NLR\BIBL_A\011248774
_12001#$aСоциалистический мал учун$v1950, № 17 (455) (11 апр.)
_912154951
_cс. Улаган
_d1938-1959
_oКПСС-тиҥ Улагандагы районный комитединиҥ ле ишкӱчиле јаткандардыҥ аймачный Совединиҥ газеди
_tСоциалистический мал учун
_v1950, № 17 (455) (11 апр.)
852 _aNLR
_bОНЛ
_jАлт.г./1-8
901 _eГазеты: ОНЛ
942 _cISSNP
980 _aNB
981 2 3 _a(23) Национальные литературы
_b(23) Периодические издания